| Tag |
First Indicator |
Second Indicator |
Subfields |
| LEADER |
00000cam a2200000 i 4500 |
| 001 |
in00000534530 |
| 005 |
20151013170737.0 |
| 008 |
820812s1979 sncab b s00010 eng |
| 010 |
|
|
|a 81484730
|
| 015 |
|
|
|a C***
|
| 035 |
|
|
|a (OCoLC)08729944
|
| 035 |
|
|
|9 ACH1372AM
|
| 040 |
|
|
|a DLC
|c DLC
|d m.c.
|d TXA
|d UtOrBLW
|
| 043 |
|
|
|a n-cn-sn
|
| 049 |
|
|
|a TXAM
|c [1130064]
|
| 050 |
0 |
0 |
|a QE194
|b .A27 no. 207
|a QE653
|
| 082 |
0 |
|
|a 557.124 s
|a 551.7/1/0971241
|2 19
|
| 100 |
1 |
|
|a Fuh, Tsu-Min,
|d 1932-
|
| 245 |
1 |
0 |
|a Geology of the Pagato River area (NTS area 63M-16) /
|c by Tsu-Min Fuh.
|
| 264 |
|
1 |
|a [Regina] :
|b Saskatchewan Mineral Resources, Geological Survey, Precambrian Geology,
|c 1979.
|
| 300 |
|
|
|a 16 pages :
|b illustrations, folded color map (in pocket) ;
|c 28 cm.
|
| 336 |
|
|
|a text
|b txt
|2 rdacontent
|
| 337 |
|
|
|a unmediated
|b n
|2 rdamedia
|
| 338 |
|
|
|a volume
|b nc
|2 rdacarrier
|
| 490 |
1 |
|
|a Report / Saskatchewan Mineral Resources ;
|v 207
|
| 504 |
|
|
|a Bibliography: page 11.
|
| 650 |
|
0 |
|a Geology, Stratigraphic
|y Precambrian.
|
| 650 |
|
0 |
|a Geology
|z Saskatchewan.
|
| 830 |
|
0 |
|a Report (Saskatchewan. Saskatchewan Mineral Resources) ;
|v no. 207.
|
| 999 |
|
|
|a MARS
|
| 999 |
f |
f |
|s 29ca70ee-9de7-39ad-861f-9d4000d6c457
|i 890aa017-b42a-353d-a073-5139800869ee
|t 0
|
| 952 |
f |
f |
|p ric
|a Texas A&M University
|b Rellis Campus
|c Joint Library Facility
|d Remote Storage
|t 0
|e QE194 .A27 no. 207
|h Library of Congress classification
|i unmediated -- volume
|m A14808763968
|
| 998 |
f |
f |
|a QE194 .A27 no. 207
|t 0
|l Remote Storage
|